[Event "Asia-chT fin 10th"]
[Site "Kuala Lumpur"]
[Date "1993.06.??"]
[Round "8"]
[White "Phan, Dang Trieu"]
[Black "Rodriguez, Ruben"]
[Result "1-0"]
[WhiteElo "2025"]
[BlackElo "2415"]
[PlyCount "91"]
[EventDate "1993.06.??"]
[EventType "team-tourn"]
[EventRounds "9"]
[EventCountry "MAS"]
[SourceTitle "EXT 1998"]
[Source "ChessBase"]
[SourceDate "1997.11.17"]
[SourceVersion "1"]
[SourceVersionDate "1997.11.17"]
[SourceQuality "1"]
[WhiteTeam "Vietnam"]
[BlackTeam "Philippines"]
[WhiteTeamCountry "VIE"]
[BlackTeamCountry "PHI"]

1. e4 e5 2. d4 exd4 3. Qxd4 Nc6 4. Qe3 Nf6 5. Nc3 Bb4 6. Bd2 0-0 7. 0-0-0 Re8 8. Bc4 Na5 9. Be2 d5 10. Qg3 Nxe4 11. Nxe4 Rxe4 12. Qd3 Bxd2+ 13. Qxd2 c6 14. f3 Re8 15. b4 Qf6 16. Qd4 Qxd4 17. Rxd4 Nc4 18. Bxc4 dxc4 19. Ne2 a5 20. b5 cxb5 21. Nc3 Be6 22. Nxb5 Rec8 23. c3 Kf8 24. Nd6 Rc7 25. Kd2 Ke7 26. Rb1 Ra6 27. Rxb7 Rxb7 28. Nxb7 Rb6 29. Nxa5 Rb2+ 30. Ke3 Rxg2 31. Nc6+ Kf6 32. Rd2 Rg5 33. a4 Rc5 34. Rd6 Rh5 35. a5 Rxh2 36. a6 Ra2 37. a7 Ra3 38. Kd4 h5 39. Rd8 h4 40. a8Q Rxa8 41. Rxa8 h3 42. Rh8 g5 43. Ne5 Kg7 44. Rh5 Kf8 45. Ng4 f5 46. Nh2 1-0

[Event "Asia-chT fin 10th"]
[Site "Kuala Lumpur"]
[Date "1993.06.??"]
[Round "5"]
[White "Rodriguez, Ruben"]
[Black "Wong, Foong Yin"]
[Result "1-0"]
[WhiteElo "2415"]
[BlackElo "2280"]
[PlyCount "62"]
[EventDate "1993.06.??"]
[EventType "team-tourn"]
[EventRounds "9"]
[EventCountry "MAS"]
[SourceTitle "EXT 1998"]
[Source "ChessBase"]
[SourceDate "1997.11.17"]
[SourceVersion "1"]
[SourceVersionDate "1997.11.17"]
[SourceQuality "1"]
[WhiteTeam "Philippines"]
[BlackTeam "Singapore"]
[WhiteTeamCountry "PHI"]
[BlackTeamCountry "SIN"]

1. d4 Nf6 2. c4 e6 3. Nc3 Bb4 4. f3 d5 5. a3 Bxc3+ 6. bxc3 0-0 7. cxd5 exd5 8. e3 c5 9. Bd3 Nc6 10. Ne2 Re8 11. 0-0 c4 12. Bc2 b5 13. Ng3 a5 14. e4 Kh8 15. e5 Ng8 16. f4 Rf8 17. f5 f6 18. Bf4 Ra7 19. e6 Qe8 20. Bd6 Nge7 21. Nh5 Rg8 22. Qg4 g6 23. Nxf6 gxf5 24. Qf3 Qd8 25. Bxe7 Nxe7 26. Nxg8 Nxg8 27. Bxf5 Qd6 28. e7 Bd7 29. Bxd7 Qxd7 30. Rae1 Ra8 31. Qf8 Ra7 1-0

[Event "Jakarta zt"]
[Site "Jakarta"]
[Date "1993.??.??"]
[Round "5"]
[White "Rodriguez, Ruben"]
[Black "Adianto, Utut"]
[Result "1-0"]
[WhiteElo "2415"]
[BlackElo "2490"]
[PlyCount "121"]
[EventDate "1993.01.??"]
[EventType "swiss"]
[EventRounds "11"]
[EventCountry "INA"]
[SourceTitle "CBM 035"]
[Source "ChessBase"]
[SourceDate "1993.08.01"]
[SourceVersion "1"]
[SourceVersionDate "1993.08.01"]
[SourceQuality "1"]

1. e4 c6 2. d4 d5 3. f3 g6 4. Nc3 Bg7 5. Be3 dxe4 6. fxe4 Nf6 7. Nf3 Ng4 8. Bf4 c5 9. Nd5 0-0 10. h3 e6 11. Nc7 e5 12. Nxa8 exf4 13. hxg4 Bxg4 14. Qd2 Nc6 15. d5 Bxb2 16. Rb1 Qf6 17. Rxb2 Qxb2 18. dxc6 Rxa8 19. Qxf4 h5 20. cxb7 Qxb7 21. Kf2 Qb2 22. Qd2 Qxa2 23. Qc3 Rb8 24. Bc4 Qb2 25. Qd3 Kg7 26. Kg3 Rb7 27. Qd5 Re7 28. Qxc5 Rxe4 29. Bd3 Qb8+ 30. Kf2 Re6 31. Qd4+ Rf6 32. Ra1 Bxf3 33. gxf3 Qh2+ 34. Ke3 Qg3 35. Be4 h4 36. Kd3 Qg5 37. c4 h3 38. c5 h2 39. c6 Qf4 40. Bd5 Qg3 41. Kc4 Qd6 42. f4 Kh6 43. Rf1 a5 44. Kb5 Qb8+ 45. Ka4 Rf5 46. c7 Qe8+ 47. Ka3 Rh5 48. Qc3 Qc8 49. f5 Rh4 50. Qc1+ g5 51. Qc6+ Kg7 52. Qc3+ Kh7 53. Rc1 Qf8+ 54. Qc5 Rh3+ 55. Ka2 h1Q 56. Bxh1 Qe8 57. Bc6 Qe2+ 58. Rc2 Qd3 59. Ba4 Rh4 60. Bb3 a4 61. Bxf7 1-0

[Event "Jakarta zt"]
[Site "Jakarta"]
[Date "1993.??.??"]
[Round "7"]
[White "Rodriguez, Ruben"]
[Black "Handoko, Edhi"]
[Result "1-0"]
[WhiteElo "2415"]
[BlackElo "2475"]
[PlyCount "87"]
[EventDate "1993.01.??"]
[EventType "swiss"]
[EventRounds "11"]
[EventCountry "INA"]
[SourceTitle "CBM 035"]
[Source "ChessBase"]
[SourceDate "1993.08.01"]
[SourceVersion "1"]
[SourceVersionDate "1993.08.01"]
[SourceQuality "1"]

1. Nc3 e5 2. Nf3 Nc6 3. g3 d5 4. d3 Nf6 5. Bg2 Be7 6. 0-0 0-0 7. Bg5 Be6 8. e4 d4 9. Ne2 h6 10. Bd2 Qd7 11. b4 a6 12. Qb1 Bg4 13. c4 dxc3 14. Bxc3 Nh7 15. Re1 Bxf3 16. Bxf3 Rfd8 17. Rd1 Ng5 18. Bg2 Qg4 19. Qb2 Rd6 20. f4 Nf3+ 21. Kf2 Nxh2 22. Rh1 exf4 23. Nxf4 Bh4 24. Ne2 Rf6+ 25. Bxf6 Bxf6 26. d4 Nxd4 27. Nxd4 Qd7 28. Rad1 Ng4+ 29. Ke2 Rd8 30. Bf3 h5 31. Rxh5 Ne5 32. Qb3 g6 33. Rhh1 Qe8 34. Kf2 Rxd4 35. Rxd4 Nxf3 36. Kxf3 Bxd4 37. Qd5 Be5 38. Qxb7 Kg7 39. Qxa6 Qe7 40. Qc8 Kf6 41. Qh8+ Ke6 42. Qh3+ f5 43. exf5+ gxf5 44. Qh6+ 1-0

[Event "Jakarta zt"]
[Site "Jakarta"]
[Date "1993.??.??"]
[Round "11"]
[White "Rodriguez, Ruben"]
[Black "Ker, Anthony F"]
[Result "1-0"]
[WhiteElo "2415"]
[BlackElo "2320"]
[PlyCount "67"]
[EventDate "1993.01.??"]
[EventType "swiss"]
[EventRounds "11"]
[EventCountry "INA"]
[SourceTitle "CBM 035"]
[Source "ChessBase"]
[SourceDate "1993.08.01"]
[SourceVersion "1"]
[SourceVersionDate "1993.08.01"]
[SourceQuality "1"]

1. e4 d6 2. d4 Nf6 3. f3 c5 4. c3 g6 5. Be3 Qc7 6. Nd2 Bg7 7. Bd3 0-0 8. Ne2 b6 9. b4 Nbd7 10. 0-0 Bb7 11. Qe1 a5 12. b5 Rac8 13. Qh4 Kh8 14. d5 Rce8 15. Bg5 Ng8 16. Rae1 Bc8 17. Bc2 Nb8 18. Bb3 e5 19. dxe6 Bxe6 20. Bxe6 Rxe6 21. Nf4 Ree8 22. Nd5 Qb7 23. Nc4 f6 24. Bd2 Rd8 25. Qg3 Ne7 26. Nxe7 Qxe7 27. a4 Qb7 28. Bf4 d5 29. exd5 Rxd5 30. Bd6 Rc8 31. Re7 Nd7 32. Qh3 Rd8 33. Rfe1 Qc8 34. Qe6 1-0

[Event "Jakarta zt"]
[Site "Jakarta"]
[Date "1993.??.??"]
[Round "1"]
[White "Rodriguez, Ruben"]
[Black "Norris, Damian C"]
[Result "1-0"]
[WhiteElo "2415"]
[BlackElo "2235"]
[PlyCount "53"]
[EventDate "1993.01.??"]
[EventType "swiss"]
[EventRounds "11"]
[EventCountry "INA"]
[SourceTitle "CBM 035"]
[Source "ChessBase"]
[SourceDate "1993.08.01"]
[SourceVersion "1"]
[SourceVersionDate "1993.08.01"]
[SourceQuality "1"]

1. b3 e5 2. Bb2 Nc6 3. c4 f5 4. g3 Nf6 5. Bg2 d6 6. e3 Be7 7. Ne2 0-0 8. Nbc3 e4 9. Nf4 Ne5 10. d4 exd3 11. Nxd3 c6 12. 0-0 Be6 13. Nf4 Bf7 14. Qc2 Nfd7 15. Rad1 g5 16. Nfe2 Bh5 17. f3 Bg6 18. Nd4 f4 19. e4 Rf6 20. Bh3 h5 21. gxf4 Rxf4 22. Nce2 Nxf3+ 23. Rxf3 Bxe4 24. Be6+ Kh7 25. Bf5+ Bxf5 26. Nxf5 Bf6 27. Nxd6+ 1-0

[Event "Olympiad-30"]
[Site "Manila"]
[Date "1992.06.22"]
[Round "13.1"]
[White "Campos Moreno, Javier B"]
[Black "Rodriguez, Ruben"]
[Result "0-1"]
[WhiteElo "2505"]
[BlackElo "2415"]
[PlyCount "76"]
[EventDate "1992.06.08"]
[EventType "team-swiss"]
[EventRounds "14"]
[EventCountry "PHI"]
[SourceTitle "TD"]
[Source "ChessBase"]
[SourceDate "1994.03.01"]
[SourceVersion "1"]
[SourceVersionDate "1994.03.01"]
[SourceQuality "1"]
[WhiteTeam "Chile"]
[BlackTeam "Philippines III"]
[WhiteTeamCountry "CHI"]
[BlackTeamCountry "PHI"]

1. d4 Nf6 2. c4 g6 3. Nc3 Bg7 4. e4 d6 5. Bd3 0-0 6. Nge2 e5 7. d5 c6 8. h3 Na6 9. Be3 cxd5 10. cxd5 Nc5 11. Bc2 a5 12. a3 Bd7 13. b4 axb4 14. axb4 Na6 15. Rb1 Rc8 16. Qd3 b5 17. Ng3 Rc4 18. Na2 Nxe4 19. Nxe4 Rxe4 20. Qa3 Rc4 21. Bd3 Nc7 22. Bxc4 bxc4 23. Qa5 Bf5 24. Rd1 Qd7 25. Nc3 Ra8 26. Qb6 Bd3 27. Qc6 Qxc6 28. dxc6 e4 29. Kd2 Bxc3+ 30. Kxc3 Nb5+ 31. Kd2 Ra2+ 32. Ke1 Re2+ 33. Kf1 Rd2+ 34. Ke1 Re2+ 35. Kf1 Rxe3+ 36. Kg1 Re2 37. Ra1 e3 38. fxe3 Be4 0-1

[Event "Olympiad-30"]
[Site "Manila"]
[Date "1992.06.16"]
[Round "8.1"]
[White "Antunes, Antonio"]
[Black "Rodriguez, Ruben"]
[Result "1/2-1/2"]
[WhiteElo "2465"]
[BlackElo "2415"]
[PlyCount "72"]
[EventDate "1992.06.08"]
[EventType "team-swiss"]
[EventRounds "14"]
[EventCountry "PHI"]
[SourceTitle "TD"]
[Source "ChessBase"]
[SourceDate "1994.03.01"]
[SourceVersion "1"]
[SourceVersionDate "1994.03.01"]
[SourceQuality "1"]
[WhiteTeam "Portugal"]
[BlackTeam "Philippines III"]
[WhiteTeamCountry "POR"]
[BlackTeamCountry "PHI"]

1. e4 c5 2. Nf3 d6 3. d4 cxd4 4. Qxd4 a6 5. Be3 e5 6. Qd2 Nf6 7. Nc3 Qc7 8. a4 Bg4 9. Be2 Nbd7 10. h3 Bh5 11. Nh4 Bg6 12. Nxg6 hxg6 13. 0-0 Rc8 14. a5 Qc6 15. f3 Be7 16. Ra4 Qc7 17. Rc4 Qd8 18. Nd5 Nxd5 19. Qxd5 Rc7 20. b4 Nf6 21. Qd2 Rd7 22. Bb6 Qb8 23. Rc3 d5 24. Rd3 dxe4 25. Rxd7 Nxd7 26. fxe4 Nxb6 27. axb6 Qd8 28. Qxd8+ Bxd8 29. Bc4 Bxb6+ 30. Kh2 f6 31. Bd5 Ke7 32. Bxb7 a5 33. bxa5 Bxa5 34. Bd5 Kd6 35. Ra1 Bb6 36. Ra8 Rxa8 1/2-1/2

[Event "Olympiad-30"]
[Site "Manila"]
[Date "1992.06.14"]
[Round "6.1"]
[White "Rodriguez, Ruben"]
[Black "Milos, Gilberto"]
[Result "1-0"]
[WhiteElo "2415"]
[BlackElo "2515"]
[PlyCount "141"]
[EventDate "1992.06.08"]
[EventType "team-swiss"]
[EventRounds "14"]
[EventCountry "PHI"]
[SourceTitle "TD"]
[Source "ChessBase"]
[SourceDate "1994.03.01"]
[SourceVersion "1"]
[SourceVersionDate "1994.03.01"]
[SourceQuality "1"]
[WhiteTeam "Philippines III"]
[BlackTeam "Brazil"]
[WhiteTeamCountry "PHI"]
[BlackTeamCountry "BRA"]

1. d4 Nf6 2. c4 c5 3. d5 b5 4. cxb5 a6 5. b6 d6 6. Nc3 Qxb6 7. e4 g6 8. Nf3 Bg7 9. Be2 Bg4 10. e5 dxe5 11. Nxe5 Bxe2 12. Qxe2 Qb7 13. Nc4 0-0 14. 0-0 Nbd7 15. Rd1 Nb6 16. Nxb6 Qxb6 17. Bg5 Rfd8 18. Rd2 Rd7 19. Rad1 Qb7 20. h3 Rc8 21. d6 h6 22. Bh4 exd6 23. Bxf6 Bxf6 24. Ne4 Be5 25. Nxd6 Bxd6 26. Rxd6 Rxd6 27. Rxd6 c4 28. Qd2 Re8 29. Qd4 Qb8 30. f4 Qc8 31. Qd5 Kg7 32. Rd7 Rf8 33. f5 gxf5 34. Qxf5 Qe8 35. Rd6 Qe3+ 36. Kh2 a5 37. Qf6+ Kh7 38. Rc6 Qg5 39. Qxg5 hxg5 40. Rxc4 Kg6 41. b3 Re8 42. Kg3 Re2 43. Ra4 Re5 44. Kf3 f5 45. g3 Kf6 46. Rc4 Rd5 47. Ke3 Ke5 48. h4 gxh4 49. gxh4 Rb5 50. h5 Kf6 51. Kf4 Kg7 52. Kg5 f4+ 53. Kg4 f3 54. Rf4 a4 55. Rxf3 Kh6 56. Rf6+ Kg7 57. Rf5 Rb7 58. Rf3 Kh6 59. Rh3 Rc7 60. bxa4 Rc4+ 61. Kf5 Rxa4 62. a3 Ra5+ 63. Ke6 Ra8 64. Kd6 Ra6+ 65. Kc5 Ra8 66. Kb6 Kh7 67. h6 Kh8 68. Kb5 Rb8+ 69. Kc4 Ra8 70. Kb3 Rb8+ 71. Ka2 1-0

[Event "Cebu"]
[Site "Cebu"]
[Date "1992.??.??"]
[Round "3"]
[White "Rodriguez, Ruben"]
[Black "Antonio, Rogelio Jr"]
[Result "1-0"]
[WhiteElo "2415"]
[BlackElo "2500"]
[PlyCount "33"]
[EventDate "1992.05.??"]
[EventType "tourn"]
[EventRounds "9"]
[EventCountry "PHI"]
[EventCategory "10"]
[SourceTitle "CBM 031"]
[Source "ChessBase"]
[SourceDate "1992.12.01"]
[SourceVersion "1"]
[SourceVersionDate "1992.12.01"]
[SourceQuality "1"]

1. e4 c5 2. Nf3 Nc6 3. d4 cxd4 4. Nxd4 Nf6 5. Nc3 d6 6. Bg5 Bd7 7. Qd2 Rc8 8. 0-0-0 Nxd4 9. Qxd4 Qa5 10. Bd2 Qe5 11. Qxa7 Nxe4 12. Qxb7 Nxd2 13. Bb5 Rd8 14. Nd5 f6 15. Rhe1 Qf5 16. Rxd2 Bxb5 17. Rxe7+ 1-0

[Event "Oviedo rapid45"]
[Site "Oviedo"]
[Date "1992.??.??"]
[Round "4"]
[White "Rodriguez, Ruben"]
[Black "Bronstein, David Ionovich"]
[Result "0-1"]
[WhiteElo "2415"]
[BlackElo "2465"]
[PlyCount "46"]
[EventDate "1992.??.??"]
[EventType "swiss (rapid)"]
[EventRounds "11"]
[EventCountry "ESP"]
[SourceTitle "TD"]
[Source "ChessBase"]
[SourceDate "1994.03.01"]
[SourceVersion "1"]
[SourceVersionDate "1994.03.01"]
[SourceQuality "1"]

1. e4 e5 2. Nf3 Nc6 3. Bb5 a6 4. Ba4 d6 5. c3 Bd7 6. 0-0 g6 7. d4 Bg7 8. Bg5 Nge7 9. a3 h6 10. Be3 0-0 11. d5 Nb8 12. Bxd7 Nxd7 13. Qd2 Kh7 14. Ne1 f5 15. f3 Nf6 16. Qc2 c6 17. c4 b5 18. b3 bxc4 19. bxc4 cxd5 20. cxd5 Rc8 21. Qd3 Nfxd5 22. Bxh6 Bxh6 23. exd5 Qb6+ 0-1

[Event "Cebu"]
[Site "Cebu"]
[Date "1992.??.??"]
[Round "6"]
[White "Rogers, Ian"]
[Black "Rodriguez, Ruben"]
[Result "1-0"]
[WhiteElo "2550"]
[BlackElo "2415"]
[PlyCount "71"]
[EventDate "1992.05.??"]
[EventType "tourn"]
[EventRounds "9"]
[EventCountry "PHI"]
[EventCategory "10"]
[SourceTitle "CBM 031"]
[Source "ChessBase"]
[SourceDate "1992.12.01"]
[SourceVersion "1"]
[SourceVersionDate "1992.12.01"]
[SourceQuality "1"]

1. e4 Nf6 2. e5 Nd5 3. d4 d6 4. c4 Nb6 5. exd6 cxd6 6. Bd3 g6 7. Nc3 Bg7 8. Nge2 0-0 9. 0-0 Nc6 10. d5 Ne5 11. b3 Nxd3 12. Qxd3 Nd7 13. Be3 Nf6 14. Qd2 Ng4 15. Bf4 Re8 16. h3 Ne5 17. Bh6 Bh8 18. Nd4 a6 19. Rad1 Nd7 20. Rfe1 Nf6 21. Re2 e5 22. dxe6 fxe6 23. Nf3 Qa5 24. Na4 Qxd2 25. Rdxd2 Nd7 26. Rxd6 b5 27. Rdxe6 Rxe6 28. Rxe6 Nf6 29. Rd6 Bf5 30. Nb6 Re8 31. Nd5 Nxd5 32. cxd5 a5 33. Rb6 b4 34. d6 Bc3 35. Bg5 Kf7 36. Rb7+ 1-0

[Event "Asia-chT fin 09th"]
[Site "Penang"]
[Date "1991.10.30"]
[Round "6"]
[White "Liang, Jinrong"]
[Black "Rodriguez, Ruben"]
[Result "1-0"]
[WhiteElo "2465"]
[BlackElo "2420"]
[PlyCount "65"]
[EventDate "1991.10.24"]
[EventType "team-tourn"]
[EventRounds "9"]
[EventCountry "MAS"]
[SourceTitle "EXT 1997"]
[Source "ChessBase"]
[SourceDate "1996.11.15"]
[SourceVersion "1"]
[SourceVersionDate "1996.11.15"]
[SourceQuality "1"]
[WhiteTeam "China"]
[BlackTeam "Philippines"]
[WhiteTeamCountry "CHN"]
[BlackTeamCountry "PHI"]

1. e4 c5 2. Nf3 d6 3. d4 cxd4 4. Nxd4 Nf6 5. Nc3 a6 6. Be3 e6 7. Be2 Nbd7 8. g4 h6 9. f4 Nc5 10. Bf3 e5 11. Nf5 Bxf5 12. exf5 Qb6 13. Nd5 Nxd5 14. Qxd5 Rc8 15. 0-0-0 Be7 16. fxe5 dxe5 17. Qxe5 Qc7 18. Qxc7 Rxc7 19. h4 0-0 20. g5 Na4 21. Bd5 Rfc8 22. Rh2 Bd6 23. Rg2 Be5 24. Bd4 Bf4+ 25. Kb1 Rd7 26. c4 Kf8 27. g6 f6 28. Be6 Rcd8 29. Bxd7 Rxd7 30. Kc2 Rc7 31. b3 Nc5 32. Re2 Nd7 33. Bb6 1-0

[Event "Bacolod"]
[Site "Bacolod"]
[Date "1991.??.??"]
[Round "4"]
[White "Ftacnik, Lubomir"]
[Black "Rodriguez, Ruben"]
[Result "1/2-1/2"]
[WhiteElo "2590"]
[BlackElo "2420"]
[PlyCount "54"]
[EventDate "1991.06.??"]
[EventType "tourn"]
[EventRounds "9"]
[EventCountry "PHI"]
[EventCategory "10"]
[SourceTitle "CBM 023 Extra"]
[Source "ChessBase"]
[SourceDate "1991.09.01"]
[SourceVersion "1"]
[SourceVersionDate "1991.09.01"]
[SourceQuality "1"]

1. d4 Nf6 2. c4 g6 3. Nc3 d5 4. Nf3 Bg7 5. cxd5 Nxd5 6. e4 Nxc3 7. bxc3 c5 8. Be3 Nc6 9. Qd2 Qa5 10. Rc1 cxd4 11. cxd4 Qxd2+ 12. Kxd2 0-0 13. Bb5 f5 14. exf5 Bxf5 15. Bxc6 bxc6 16. Rxc6 Rab8 17. Kc3 Bb1 18. a4 Be4 19. Rc7 a5 20. Rc1 Rb4 21. Ng5 Bf5 22. Rxe7 Bxd4+ 23. Kd2 h6 24. Bxd4 Rxd4+ 25. Ke3 Rd3+ 26. Ke2 hxg5 27. Rcc7 Rfd8 1/2-1/2

[Event "Manila op"]
[Site "Manila"]
[Date "1991.??.??"]
[Round "?"]
[White "Rodriguez, Ruben"]
[Black "Garma, Chito"]
[Result "0-1"]
[WhiteElo "2420"]
[BlackElo "2330"]
[PlyCount "83"]
[EventDate "1991.06.??"]
[EventType "swiss"]
[EventRounds "11"]
[EventCountry "PHI"]
[SourceTitle "EXT 1997"]
[Source "ChessBase"]
[SourceDate "1996.11.15"]
[SourceVersion "1"]
[SourceVersionDate "1996.11.15"]
[SourceQuality "1"]

1. c4 Nf6 2. Nc3 g6 3. e4 d6 4. d4 Bg7 5. Be2 c5 6. Nf3 0-0 7. 0-0 Nc6 8. d5 Ne5 9. Nd2 a6 10. f4 Ned7 11. a4 e6 12. Ra3 exd5 13. cxd5 Re8 14. Bf3 Qc7 15. b3 Rb8 16. Bb2 b5 17. axb5 axb5 18. Ra2 b4 19. Ne2 Bb7 20. Qc2 Nb6 21. Rfa1 h5 22. h3 Re7 23. Ra7 Rbe8 24. Nc4 Nxc4 25. bxc4 Nxe4 26. Bxg7 Kxg7 27. Qb2+ Kh7 28. g4 h4 29. Kg2 Qb6 30. R7a5 Bxd5 31. cxd5 c4 32. Qd4 Qxd4 33. Nxd4 b3 34. Rb5 Nc5 35. Rc1 Ra8 36. Rxc4 Ra2+ 37. Be2 Re4 38. Kf3 Raxe2 39. Nxe2 Rxc4 40. Ke3 Rc2 41. Rb6 b2 42. Nd4 0-1

[Event "Bacolod"]
[Site "Bacolod"]
[Date "1991.??.??"]
[Round "6"]
[White "Torre, Eugenio"]
[Black "Rodriguez, Ruben"]
[Result "1-0"]
[WhiteElo "2535"]
[BlackElo "2420"]
[PlyCount "81"]
[EventDate "1991.06.??"]
[EventType "tourn"]
[EventRounds "9"]
[EventCountry "PHI"]
[EventCategory "10"]
[SourceTitle "CBM 023 Extra"]
[Source "ChessBase"]
[SourceDate "1991.09.01"]
[SourceVersion "1"]
[SourceVersionDate "1991.09.01"]
[SourceQuality "1"]

1. e4 Nf6 2. e5 Nd5 3. d4 d6 4. Nf3 g6 5. Bc4 Nb6 6. Bb3 Nc6 7. a4 dxe5 8. a5 e4 9. axb6 exf3 10. Qxf3 e6 11. bxc7 Qxc7 12. Qf6 Rg8 13. Be3 Bg7 14. Qh4 h6 15. c3 e5 16. dxe5 Bxe5 17. Nd2 Bf5 18. 0-0 g5 19. Qh5 Bg6 20. Qh3 Rh8 21. Nc4 Bf4 22. Nb6 Rd8 23. Nd5 Rxd5 24. Bxd5 Ne7 25. Bxf4 gxf4 26. Rfe1 Kf8 27. Bf3 h5 28. Rxa7 Nf5 29. Ra8+ Kg7 30. Rxh8 Kxh8 31. Bxh5 Bh7 32. Bg4 Nd6 33. Qh6 Kg8 34. Qxf4 Qc6 35. Bf3 Qc5 36. Qf6 Bg6 37. h4 Nf5 38. Re8+ Qf8 39. Rxf8+ Kxf8 40. h5 Bh7 41. Bd5 1-0

[Event "Greenhills op"]
[Site "Greenhills"]
[Date "1989.??.??"]
[Round "?"]
[White "Rodriguez, Ruben"]
[Black "Torre, Eugenio"]
[Result "0-1"]
[WhiteElo "2410"]
[BlackElo "2565"]
[PlyCount "94"]
[EventDate "1989.07.??"]
[EventType "swiss"]
[EventRounds "12"]
[EventCountry "PHI"]
[SourceTitle "EXT 2010"]
[Source "ChessBase"]
[SourceDate "2010.11.25"]
[SourceVersion "1"]
[SourceVersionDate "2010.11.25"]
[SourceQuality "1"]

1. e4 e5 2. Nf3 Nc6 3. Bb5 a6 4. Ba4 Nf6 5. 0-0 Be7 6. Re1 b5 7. Bb3 d6 8. c3 0-0 9. h3 Na5 10. Bc2 c5 11. d4 Nc6 12. d5 Na5 13. Nbd2 g6 14. b3 Bd7 15. Nf1 Nh5 16. Bh6 Re8 17. Ng3 Nxg3 18. fxg3 Nb7 19. Qd2 a5 20. a3 Qc7 21. Rf1 Rec8 22. Qf2 Nd8 23. Ng5 Be8 24. Bd1 c4 25. Bg4 cxb3 26. Ne6 Qa7 27. Be3 Qb7 28. Bh6 Rxc3 29. Kh2 b4 30. axb4 a4 31. Rac1 Rxc1 32. Rxc1 Nxe6 33. dxe6 f6 34. Qb2 Rc8 35. Be2 Bc6 36. Qc3 Qa8 37. b5 Bb7 38. Qb4 Rxc1 39. Bxc1 Bxe4 40. b6 Bxg2 41. Ba6 Qxa6 42. Kxg2 Qe2+ 43. Kg1 Qd1+ 44. Kf2 Qc2+ 45. Kf3 f5 46. b7 e4+ 47. Ke3 Bg5+ 0-1

[Event "Greenhills op"]
[Site "Greenhills"]
[Date "1989.??.??"]
[Round "?"]
[White "Yang, Xian"]
[Black "Rodriguez, Ruben"]
[Result "1-0"]
[WhiteElo "2345"]
[BlackElo "2410"]
[PlyCount "105"]
[EventDate "1989.07.??"]
[EventType "swiss"]
[EventRounds "12"]
[EventCountry "PHI"]
[SourceTitle "EXT 2010"]
[Source "ChessBase"]
[SourceDate "2010.11.25"]
[SourceVersion "1"]
[SourceVersionDate "2010.11.25"]
[SourceQuality "1"]

1. e4 c5 2. Nf3 d6 3. d4 cxd4 4. Nxd4 Nf6 5. Nc3 a6 6. Be2 Nbd7 7. 0-0 Nc5 8. Bf3 e6 9. Nb3 Ncd7 10. a4 Be7 11. Be3 Ne5 12. Be2 b6 13. f4 Nc6 14. Bf3 Bb7 15. Qe1 0-0 16. Rd1 Qc7 17. g4 Nd7 18. g5 Nb4 19. Qf2 Rfe8 20. Bg2 Bf8 21. Nd4 g6 22. Rd2 e5 23. Nde2 exf4 24. Nxf4 Ne5 25. Bxb6 Qe7 26. Ba5 Nbc6 27. Ncd5 Qxg5 28. Nh3 Qh6 29. Nf6+ Kh8 30. Nxe8 Rxe8 31. Bc3 Kg8 32. Nf4 Bg7 33. Nd5 Re6 34. Qg3 Nc4 35. Rdf2 Nd4 36. Qf4 Qxf4 37. Nxf4 Rxe4 38. Bxe4 Bxe4 39. Ne2 Nxc2 40. Bxg7 Kxg7 41. Ng3 Bd3 42. Rxf7+ Kh6 43. Rd1 Ne5 44. Rf6 Nb4 45. Rxd6 Bc2 46. Rf1 Bxa4 47. Rf4 a5 48. Re6 Ned3 49. Rh4+ Kg5 50. Rxh7 Nf4 51. Re5+ Kg4 52. Ne2 Nfd3 53. h3+ 1-0

[Event "Olympiad-28"]
[Site "Thessaloniki"]
[Date "1988.11.23"]
[Round "10"]
[White "Kudrin, Sergey"]
[Black "Rodriguez, Ruben"]
[Result "1/2-1/2"]
[WhiteElo "2545"]
[BlackElo "2415"]
[PlyCount "120"]
[EventDate "1988.11.13"]
[EventType "team-swiss"]
[EventRounds "14"]
[EventCountry "GRE"]
[SourceTitle "TD"]
[Source "ChessBase"]
[SourceDate "1994.03.01"]
[SourceVersion "1"]
[SourceVersionDate "1994.03.01"]
[SourceQuality "1"]
[WhiteTeam "United States"]
[BlackTeam "Philippines"]
[WhiteTeamCountry "USA"]
[BlackTeamCountry "PHI"]

1. e4 e5 2. Nf3 Nc6 3. Bc4 Nf6 4. d3 h6 5. 0-0 d6 6. c3 g6 7. Re1 Bg7 8. Nbd2 0-0 9. Bb3 Na5 10. Bc2 c5 11. b4 cxb4 12. cxb4 Nc6 13. b5 Ne7 14. Nc4 Ne8 15. Bb3 Kh7 16. d4 exd4 17. Nxd4 d5 18. exd5 Nxd5 19. Ba3 Rh8 20. Ne5 Nec7 21. Qf3 Re8 22. Nxf7 Rxe1+ 23. Rxe1 Qf6 24. Bxd5 Qxd4 25. Bb3 Nxb5 26. Bc1 Qb4 27. Qe3 Bd7 28. Bd2 Qd4 29. Nxh6 Re8 30. Qxd4 Rxe1+ 31. Bxe1 Nxd4 32. Nf7 Nxb3 33. axb3 b6 34. b4 Bf6 35. Nd6 Bd8 36. Bc3 Bc6 37. f3 a5 38. Nf7 axb4 39. Bxb4 Bf6 40. Kf2 Kg7 41. Nd6 Bd4+ 42. Ke2 Be5 43. h3 Bxd6 44. Bxd6 Bb5+ 45. Ke3 Bf1 46. Kf2 Bc4 47. h4 b5 48. Ke3 Bf1 49. g3 Kf7 50. Kf4 Be2 51. Bb4 Bd1 52. Bc3 Be2 53. g4 Bd1 54. Ke4 Bc2+ 55. Ke5 Bd1 56. Kf4 Be2 57. Ke4 Bd1 58. h5 gxh5 59. gxh5 Bc2+ 60. Kf4 Bd1 1/2-1/2

[Event "Olympiad-28"]
[Site "Thessaloniki"]
[Date "1988.11.18"]
[Round "5"]
[White "Rodriguez, Ruben"]
[Black "Vogt, Lothar"]
[Result "0-1"]
[WhiteElo "2415"]
[BlackElo "2485"]
[PlyCount "88"]
[EventDate "1988.11.13"]
[EventType "team-swiss"]
[EventRounds "14"]
[EventCountry "GRE"]
[SourceTitle "TD"]
[Source "ChessBase"]
[SourceDate "1994.03.01"]
[SourceVersion "1"]
[SourceVersionDate "1994.03.01"]
[SourceQuality "1"]
[WhiteTeam "Philippines"]
[BlackTeam "German Dem Rep"]
[WhiteTeamCountry "PHI"]
[BlackTeamCountry "DDR"]

1. d4 Nf6 2. c4 g6 3. Nc3 Bg7 4. e4 d6 5. Nge2 0-0 6. Ng3 e5 7. d5 c6 8. Be2 cxd5 9. cxd5 Nbd7 10. Be3 a6 11. a4 h5 12. Nf1 Nc5 13. Nd2 Ng4 14. Bxc5 dxc5 15. Nc4 b6 16. a5 b5 17. Nb6 Ra7 18. d6 Nf6 19. Qd3 Be6 20. 0-0 Qb8 21. f4 exf4 22. e5 Nd7 23. Nxd7 Rxd7 24. Qe4 Bf5 25. Qc6 Qc8 26. Qxc8 Rxc8 27. Nd5 Bxe5 28. Ne7+ Rxe7 29. dxe7 Bxb2 30. Rae1 Re8 31. Bf3 Bd4+ 32. Kh1 Be3 33. Bb7 Rxe7 34. Bxa6 Ra7 35. Bxb5 Rxa5 36. Be2 Ra2 37. Bc4 Rc2 38. Bd5 Bd3 39. Rf3 Be2 40. g3 Bxf3+ 41. Bxf3 c4 42. Bd5 c3 43. gxf4 Bxf4 44. Re8+ Kg7 0-1